• 首页
  • 本馆介绍
  • 公告通知
  • 最新文献
  • 馆藏检索
  • 电子资源
  • 读者导购
  • 参考咨询
  • 我的图书馆
  • 登录
  • 详细信息显示
  • 放入我的书架
  • 预约/预借图书
  • 作者相关作品
  • 分类相关作品
  • 丛书相关作品
  • 出版社相关作品

书目信息

  • 表格格式
  • 工作单格式
  • 卡片格式
题名:
药膳·汤膳·粥膳
    
 
作者: 谢普 编著
分册:  
出版信息: 北京   中医古籍出版社  2017.04
页数: 410页
开本: 25cm
丛书名: 养生与诊疗药典
单 册:
中图分类: R247.1 , TS972.161
科图分类:
主题词: 食物疗法--食谱
电子资源:
ISBN: 978-7-5152-1500-6
000 00663oam2 2200241 450
001 391
005 20180922101104.96
010    @a978-7-5152-1500-6@dCNY68.00
100    @a20180217d2017 em y0chiy50 ea
101 0  @achi
102    @aCN@b110000
105    @ay z 000yy
200 1  @a药膳·汤膳·粥膳@9yao shan · tang shan · zhou shan@f谢普编著
210    @a北京@c中医古籍出版社@d2017.04
215    @a410页@d25cm
225 2  @a养生与诊疗药典
461  0 @12001 @a养生与诊疗药典
606 0  @a食物疗法@x食谱
690    @aR247.1@v5
690    @aTS972.161@v5
701  0 @a谢普@9xie pu@4编著
801  0 @aCN@b91MARC@c20180217
905    @aMuseLib@dR247.1@e428
    
    药膳·汤膳·粥膳/谢普编著.-北京:中医古籍出版社,2017.04
    410页;25cm.-(养生与诊疗药典)
    
    
    ISBN 978-7-5152-1500-6:CNY68.00
    
●
相关链接 在E读中查询图书 在五车中查询图书 在当当中查询图书 在豆瓣中查询图书


正题名:药膳·汤膳·粥膳     索取号:R247.1/428         预约/预借

序号 登录号 条形码 馆藏地/架位号 状态 备注
1 1119659   211196597   第二样本阅览室/ [索取号:R247.1/428] 在馆    
2 1119660   211196604   第三借阅区/ [索取号:R247.1/428] 在馆    
3 1119661   211196613   第三借阅区/ [索取号:R247.1/428] 在馆    
4 1119662   211196622   第三借阅区/ [索取号:R247.1/428] 在馆    
5 1119663   211196631   密集书库-生命科学系/ [索取号:R247.1/428] 在馆    
唐山师范学院图书馆 欢迎您!
大连网信软件有限公司© 版权所有